Statistiques concernant Tableaux de Gustave Courbet en images

Cliquez ici pour prendre le quiz!

Statistiques générales

  • Ce quiz a été pris 6 fois
  • Le résultat moyen est 2 sur 10

Statistiques - réponses

Réponse% Correct
L'Origine du monde
83%
Le Désespéré
50%
Un enterrement à Ornans
50%
L'Atelier du peintre
33%
Bonjour Monsieur Courbet
17%
Les Casseurs de pierres
0%
Les Paysans de Flagey revenant de la foire
0%
L'Hallali du cerf
0%
Portrait de Juliette
0%
Vue d'Ornans
0%

Distribution des résultats

Percentile par nombre de réponses

% des personnes avec chaque résultat

Votre développement - résultats

Vous n’avez pas pris ce quiz